Quizzes
Events
Quiz Creation
Community
Videos
Private Events
Remove Ads
Sign In
Join for FREE
Feedback
Dark Mode
Quiz Categories
Sports
Geography
Music
Movies
Television
Just For Fun
Miscellaneous
History
Literature
Language
Science
Gaming
Entertainment
Religion
Holiday
For Kids
Quiz Lab
Recent
Popular Today
Quiz Kudos Today
Editor Picks
Curator Picks
Quizzes by...
Day
Popularity
Type
Ratings
Length
Year
Community
Subscriptions
Recent Discussions
Orange Saloon
Badges
Playlists
Quests
Create
Leaderboards
Showdown
Live 5
Trivia Bingo
Activity
Puzzle Library
Sporcle Events
Private Events
Virtual Trivia
Globe League
Become a Host
Pub Owners
SporcleCon
Opinionation
Our Games
Videos
Blog
Mobile Apps
Partnerships
Remove Ads and Go Orange
Feedback
Literature
Harry Potter
A Song of Ice and Fire
The Hunger Games
Literary Character
Shakespeare
Book
Author
Novel
Poem
Young Adult
Children's Books
Play
Lord of the Rings
Literature
Harry Potter
A Song of Ice and Fire
The Hunger Games
Literary Character
Shakespeare
Book
Author
Novel
Poem
Young Adult
Children's Books
Play
Lord of the Rings
Random Quiz
Search Sporcle
×
Quiz Lab
Quiz Lab
Literature
Literary Character
Type in answers that appear in a list
Type in answers that appear in a list
Classic
Best Score? Go Orange.
Food in Literature Stats
Can you name the foodstuffs and drinks in literary titles?
By
CatStarcatcher
4m
20 Questions
151 Plays
151 Plays
151 Plays
Comments
Comments
Give Quiz Kudos
Give Quiz Kudos
-
- Ratings
hide this ad
Replay
Link that replays current quiz
Next Quiz
Link to next quiz in quiz playlist
You Got
0%
They Got
Avg Score
43%
Avg Friend Score
Upgrade to see
Score Distribution
Jump to the score distribution portion of the page
Score
0/20
Timer
04:00
0
Plays Today
Title
Food
% Correct
The _
_
_
_
_
of Wrath
Grapes
99.3%
The Adventures of _
_
_
_
_
Finn
Huckleberry
90.7%
Fried Green _
_
_
_
_
at the Whistle Stop Cafe
Tomatoes
81.3%
The _
_
_
_
_
Cart
Apple
70.7%
_
_
_
_
_
Are Not the Only Fruit
Oranges
65.3%
The _
_
_
_
_
Orchard
Cherry
62.7%
The Stinky _
_
_
_
_
Man and Other Fairly Stupid Tales
Cheese
58%
So Long and Thanks for All the _
_
_
_
_
Fish
53.3%
Brighton _
_
_
_
_
Rock
50%
A Pocket Full of _
_
_
_
_
Rye
42%
Title
Food
% Correct
_
_
_
_
_
with Rosie
Cider
40.7%
The Wind that Shakes the _
_
_
_
_
Barley
34.7%
On the Banks of _
_
_
_
_
Creek
Plum
31.3%
_
_
_
_
_
Wine
Blackberry
18%
Friends, Lovers, _
_
_
_
_
Chocolate
16.7%
Rhyme _
_
_
_
_
Stew
14.7%
Playing for _
_
_
_
_
Pizza
10.7%
_
_
_
_
_
Popcorn
10%
Sex and Drugs and _
_
_
_
_
_
_
_
_
_
Sausage rolls
10%
Mr _
_
_
_
_
Jelly
10%
Quiz Playlist
Details
Report
Send in Message
Add To Playlist
Classic:
Type in answers that appear in a list
Last Updated: Feb 16, 2017
Quiz Scoreboard
CHALLENGE
Sign Up to Join the Scoreboard
Show All
Scores
Hide
Comments
May contain spoilers
Recently Published
Street Fighter Characters
by Artimus82
Gaming
60s
9x9 Crossword: Cartoon Network
by jackfrog10
Miscellaneous
3m
College Basketball Coaching Resumes
by pancakes188
Sports
9m
More to Explore
Quiz From the Vault
Featured Blog Post
Where Did the Easter Bunny Come From?
hide this ad
You Might Also Like...
Tags
Author Quiz
Food Quiz
Literary Character Quiz
Drink
Today's Top Quizzes in Literature
Browse Literature
hide this ad
Today's Top Quizzes in Literary Character
Browse Literary Character
Top Contributed Quizzes in Literature
1
Sneaky Slytherin Logic Puzzle
2
Get The Picture: Black or White Literature
3
5-to-1: Plays
4
A Court of Thorns and Roses (ACoTaR) Logic Puzzle
5
One Thing in Common: Literature
6
One Thing in Common: Literature II
7
One Thing in Common: Literature 3
8
One Thing in Common: Books
9
Literary Siblings Odd One Out III
10
Harry Potter Neighbourly Logic Puzzle #1
Explore More
Trending Topics
Harry Potter
Disney
NBA
Marvel
Crossword
Anime
Kpop
Soccer
Pokémon
WWE
Song
NFL
Country
Puzzle
The Office
hide this ad
More By:
CatStarcatcher
Quiz
Plays
Rating
Category
Featured
Created
Finish the Disney Quote
162,540
4.46
Movies
Apr 2, 2012
Awesome Comebacks
122,466
4.34
Entertainment
Jun 18, 2012
Finish the Disney Quote II
104,559
4.52
Movies
Apr 7, 2012
Best Friends in TV
104,470
4.38
Television
Feb 25, 2015
The Fan-Tastic Quiz
88,002
4.24
Miscellaneous
Jul 30, 2013
Go to Creator's Profile
Score Distribution
Quiz Creator Spotlight
CatStarcatcher
Follow
Send a Message
Quizzes Created
-
Created Quiz Play Count
-
More By This Creator
Popular Quizzes Today
1
Find the US States - No Outlines Minefield
2
Find the Countries of Europe - No Outlines Minefield
3
The Countries of the World
4
Find the US States
5
Risky Map Clicking: Biggest States A-Z
6
US States
7
Popular People in 1961
8
Movies - When Are They Set?
More Literature Quizzes
Mythical Creatures In Literary Titles
Quiz Lab
Trending Quizzes
Risky Map Clicking: Least Populous States A-Z
1-10 Letter G Words
Risky Map Clicking: Next State Alphabetically
Adjectives in 80s TV Shows
The Seven Year Switch: Catherine
Recently Updated
Leaping Animals
pecheneg
Reality TV Shows (A-Z)
bhenderson79
Rickey Henderson's Hall of Fame Teammates
pecheneg
Champions League XIs: Arsenal
pecheneg
Quick Pick: Celebrities in WWE's Hall of Fame
aduchscher
A-Z Keypad Blitz II
pecheneg
Multiple Oscar Actors
pecheneg
Mystery Phrase Blitz: Oscar 'Best Actors'
pecheneg
F. Scott Fitzgerald Novels
LTH
Pick 3 Villains
ddd62291
Trending Topics
NBA
Harry Potter
Anime
Marvel
Kpop
Crossword
Disney
Pokémon
WWE
The Office
Puzzle
NFL
Country
Song
Soccer
Your Account Isn't Verified!
In order to create a playlist on Sporcle, you need to verify the email address you used during registration. Go to your
Sporcle Settings
to finish the process.
Report this User
Report this user for behavior that violates our
Community Guidelines
.
Details:
Send Report
Go to the Sporcle.com Mobile Site →
Comments